Behavioral Finance Psychology, Decision-Making, and Markets
Salvato in:
| Autore principale: | |
|---|---|
| Altri autori: | |
| Natura: | Libro |
| Lingua: | inglese |
| Pubblicazione: |
Boston
Cengage
2010
|
| Soggetti: | |
| Tags: |
Nessun Tag, puoi essere il primo ad aggiungerne!!
|
MARC
| LEADER | 00000nam a2200000 4500 | ||
|---|---|---|---|
| 001 | 0302856 | ||
| 005 | 20240911113049.5 | ||
| 020 | |a 978-0-324-66117-0 | ||
| 020 | |a 0-324-66117-7 | ||
| 041 | 0 | |a eng | |
| 044 | |a US | ||
| 245 | 1 | 0 | |a Behavioral Finance |b Psychology, Decision-Making, and Markets |c Lucy F. Ackert, Richard Deaves |
| 264 | 1 | |a Boston |b Cengage |c 2010 | |
| 300 | |a 392 s. | ||
| 610 | 2 | 0 | |a financie behaviorálne |
| 610 | 2 | 0 | |a rozhodovanie finančné |
| 610 | 2 | 0 | |a riadenie finančné |
| 610 | 2 | 0 | |a trh finančný |
| 610 | 2 | 0 | |a trh finančný medzinárodný |
| 100 | 1 | |a Ackert, Lucy F. | |
| 700 | 1 | |a Deaves, Richard | |